[Event "Druzynowe Mistrzostwa Polski - II Liga 2023"]
[Site "Jastrzebia Gora"]
[Date "1899-12-30"]
[Round "5.45"]
[White "Mirski, Michal"]
[Black "Stachanczyk, Jacek"]
[Result "1-0"]
[WhiteTitle "I++"]
[BlackTitle "IM"]
[WhiteElo "1995"]
[BlackElo "2126"]

1. e4 c5 2. Nf3 d6 3. d4 cxd4 4. Nxd4 Nf6 5. Nc3 Nc6 6. Bg5 e6 7. Qd2 a6 8. O-O-O
Bd7 9. f4 b5 10. Bxf6 gxf6 11. Nxc6 Bxc6 12. Qe1 Ra7 13. Kb1 Qb6 14. Bd3 b4 15.
Ne2 Qc5 16. Qh4 h5 17. Qxf6 Rg8 18. g3 Bg7 19. Qg5 Qxg5 20. fxg5 Be5 21. h4 f6
22. gxf6 Bxf6 23. Nf4 Be5 24. Nxh5 Rh7 25. Nf4 Rxg3 26. Nxe6 Rg4 27. Ng5 Rhxh4
28. Rxh4 Rxh4 29. Nf3 Rf4 30. Nxe5 dxe5 31. Bxa6 Bxe4 32. Re1 Kd7 33. Bd3 Bxd3
34. cxd3 b3 35. axb3 Kd6 36. Kc2 Kd5 37. Kc3 Rf2 38. Re4 Rf1 39. Rc4 Rc1+ 40.
Kd2 Rh1 41. b4 Rg1 42. b5 Rg6 43. Kc3 Rh6 44. Kb4 Rh2 45. b3 Rh6 46. Rc5+ Kd4
47. Rc6 1-0

[Event "Druzynowe Mistrzostwa Polski - II Liga 2023"]
[Site "Jastrzebia Gora"]
[Date "1899-12-30"]
[Round "5.46"]
[White "Musial, Igor"]
[Black "Pietrzak, Tomasz"]
[Result "1/2-1/2"]
[WhiteTitle "I+"]
[BlackTitle "I"]
[WhiteElo "2021"]
[BlackElo "1786"]

1. e4 c5 2. Nf3 e6 3. d4 cxd4 4. Nxd4 Nf6 5. Nc3 Nc6 6. Ndb5 Bc5 7. Bf4 O-O 8.
Bc7 Qe7 9. Bd6 Bxd6 10. Qxd6 Qd8 11. Nc7 Rb8 12. Be2 a6 13. e5 Ne8 14. Nxe8 Rxe8
15. Bf3 b5 16. Bxc6 Rb6 17. O-O-O Rxc6 18. Qd2 Qa5 19. Kb1 b4 20. Ne4 Qxe5 21.
Nd6 Rf8 22. Qxb4 a5 23. Qd4 Qh5 24. Nxc8 Rfxc8 25. Qxd7 h6 26. Qd2 Qg6 27. Rc1
1/2-1/2

[Event "Druzynowe Mistrzostwa Polski - II Liga 2023"]
[Site "Jastrzebia Gora"]
[Date "1899-12-30"]
[Round "5.47"]
[White "Soliwoda, Zygmunt"]
[Black "Krol, Rafal"]
[Result "1/2-1/2"]
[WhiteTitle "I"]
[BlackTitle "I++"]
[WhiteElo "1752"]
[BlackElo "2018"]

1. d4 Nf6 2. Nf3 e6 3. g3 d5 4. Bg2 Be7 5. c4 O-O 6. O-O dxc4 7. Ne5 Nc6 8. Nxc6
bxc6 9. Qa4 Qxd4 10. Rd1 Qb6 11. Nd2 c3 12. bxc3 Nd5 13. Qc2 Ba6 14. e4 Nf6 15.
Rb1 Qa5 16. Nb3 Qh5 17. Nd4 e5 18. Nf5 Bc5 19. h3 Rfd8 20. g4 Nxg4 21. hxg4 Qxg4
22. Be3 Bxe3 23. Nxe3 Qh5 24. Rxd8+ Rxd8 25. Rd1 Re8 26. c4 Bc8 27. Qa4 Qg6 28.
Qxa7 Bg4 29. Rb1 h5 30. Rb8 Rxb8 31. Qxb8+ Kh7 32. Qxc7 f6 33. Qd8 Bf3 34. Kf1
Bxg2+ 35. Nxg2 Qxe4 36. Ne3 h4 37. Qd1 g6 38. Qg4 Qh1+ 39. Qg1 Qe4 40. Qg4 Qh1+
41. Ke2 f5 42. Qg5 h3 43. Nf1 Qg2 44. Qh4+ Kg7 1/2-1/2

[Event "Druzynowe Mistrzostwa Polski - II Liga 2023"]
[Site "Jastrzebia Gora"]
[Date "1899-12-30"]
[Round "5.48"]
[White "Guzik, Jolanta"]
[Black "Uliasz, Katarzyna"]
[Result "1-0"]
[WhiteTitle "WFM"]
[BlackTitle "I++"]
[WhiteElo "1965"]
[BlackElo "1764"]

1. e4 c5 2. Nc3 Nc6 3. g3 g6 4. Bg2 Bg7 5. Nge2 Rb8 6. a4 a6 7. d3 b5 8. axb5 axb5
9. O-O e6 10. Bf4 e5 11. Be3 d6 12. Nd5 Nge7 13. Nxe7 Nxe7 14. c3 O-O 15. f4 exf4
16. Nxf4 b4 17. Qd2 b3 18. Ra3 Kh8 19. Rfa1 f5 20. Nd5 Be6 21. Ra7 Nxd5 22. exd5
Bg8 23. Bf4 Be5 24. Bxe5+ dxe5 25. Qe3 Qd6 26. R1a6 Rb6 27. Rxb6 Qxb6 28. Qxe5+
Rf6 29. c4 h5 30. Rc7 f4 31. Rc6 1-0

[Event "Druzynowe Mistrzostwa Polski - II Liga 2023"]
[Site "Jastrzebia Gora"]
[Date "1899-12-30"]
[Round "5.49"]
[White "Niekras, Dawid"]
[Black "Jaskolka, Tomasz"]
[Result "1/2-1/2"]
[WhiteTitle "FM"]
[BlackTitle "CM"]
[WhiteElo "2298"]
[BlackElo "2228"]

1. e4 d5 2. exd5 Nf6 3. Bb5+ Nbd7 4. d4 Nxd5 5. Nf3 e6 6. O-O Be7 7. Re1 O-O 8.
Bf1 b6 9. c4 N5f6 10. Nc3 Bb7 11. Bf4 Bb4 12. Rc1 c5 13. a3 Bxc3 14. Rxc3 Re8
15. Ne5 cxd4 16. Qxd4 Nc5 17. Qxd8 Rexd8 18. f3 Rac8 19. b4 Ncd7 20. Nxd7 Rxd7
21. Rd3 Rxd3 22. Bxd3 Rd8 23. Bf1 Kf8 24. Kf2 Ke7 25. a4 Nd7 26. a5 Rc8 27. axb6
axb6 28. Ra1 e5 29. Be3 Ra8 30. Rxa8 Bxa8 31. Bd3 g6 32. g4 f6 33. Be4 Bxe4 34.
fxe4 Kd6 35. Ke2 Kc6 36. h4 h5 37. gxh5 gxh5 38. Bh6 Kd6 39. Kd3 Ke6 40. Be3 f5
41. exf5+ Kxf5 42. c5 bxc5 43. Bxc5 Kg4 44. Be7 Kf3 45. Bg5 Nb6 46. b5 Nc8 47.
Kc4 e4 48. Kd4 1/2-1/2

[Event "Druzynowe Mistrzostwa Polski - II Liga 2023"]
[Site "Jastrzebia Gora"]
[Date "1899-12-30"]
[Round "5.51"]
[White "Selbes, Tamer Tarik"]
[Black "Wozniak, Maciej"]
[Result "1-0"]
[WhiteTitle "FM"]
[BlackTitle "k"]
[WhiteElo "2225"]
[BlackElo "1999"]

1. e4 c5 2. Nf3 g6 3. c3 d5 4. exd5 Qxd5 5. d4 Bg7 6. Be3 Nf6 7. h3 cxd4 8. cxd4
O-O 9. Nc3 Qa5 10. Bc4 Ne4 11. O-O Nxc3 12. bxc3 Qxc3 13. Rc1 Qa3 14. Re1 Nd7
15. Bg5 Nf6 16. Ne5 e6 17. Bb3 Qd6 18. Qf3 Nd5 19. Ng4 f6 20. Rxc8 Raxc8 21. Rxe6
Qb8 22. Bd2 Nc7 23. Rb6+ Kh8 24. Rxb7 Qa8 25. Bf4 Ne8 26. Bd5 Rd8 27. Bh6 Qc8
28. Bf4 a5 29. Ne3 g5 30. Bg3 f5 31. Be5 Rd7 32. Rxd7 Qxd7 33. Bc6 Qe6 34. Bd5
Qg6 35. g4 f4 36. Nf5 Bxe5 37. dxe5 Qb6 38. Qc3 Qb1+ 39. Kg2 Qb4 40. Qa1 f3+ 41.
Bxf3 h5 42. e6+ Kh7 43. Qe5 Qf4 44. Qc5 hxg4 45. hxg4 Kg8 46. Qe7 Qc7 47. Nh6+
1-0

[Event "Druzynowe Mistrzostwa Polski - II Liga 2023"]
[Site "Jastrzebia Gora"]
[Date "1899-12-30"]
[Round "5.52"]
[White "Wozniak, Marcin"]
[Black "Bernat, Marcin"]
[Result "1-0"]
[WhiteTitle "I++"]
[BlackTitle "k"]
[WhiteElo "1817"]
[BlackElo "1959"]

1. e4 e6 2. d4 d5 3. Bd3 dxe4 4. Bxe4 Nf6 5. Bf3 c5 6. Ne2 Nc6 7. Be3 Be7 8. O-O
cxd4 9. Nxd4 Ne5 10. Nb5 Nxf3+ 11. Qxf3 Qa5 12. c4 O-O 13. Nd2 Bd7 14. Qxb7 Rfb8
15. Nb3 Qb4 16. Qc7 Bd8 17. Qg3 Bxb5 18. cxb5 Qxb5 19. Bd4 Ne8 20. Rac1 Qa4 21.
Rc3 Rxb3 22. Bxg7 Rxc3 23. Bxc3+ Kf8 24. Qe5 Bf6 25. Qc5+ Kg7 26. Qg5+ Kf8 27.
Bxf6 Nxf6 28. Qxf6 Qe4 29. h3 Qg6 30. Qh8+ Qg8 31. Qf6 Qg6 32. Qh8+ Qg8 33. Qc3
Qg7 34. Qc5+ Kg8 35. Qb4 Rd8 36. Rc1 Qd4 37. Rc4 Qd1+ 38. Kh2 Qd6+ 39. Qxd6 Rxd6
40. Kg3 Rd2 41. Rb4 a5 42. Rb5 a4 43. a3 Kg7 44. Rb4 Kg6 45. Rxa4 Rxb2 46. f3
Ra2 47. Ra8 Kg7 48. a4 Kf6 49. a5 Kg7 50. a6 Kf6 51. a7 Kf5 52. Rh8 Rxa7 53. Rxh7
Kg6 54. Rh8 Kg7 55. Rh4 f5 56. Rb4 Ra2 57. f4 Kf6 58. Rc4 Kg6 59. Rb4 Rc2 60.
Ra4 Rb2 61. Ra3 Rc2 62. Re3 Kf6 63. Kf3 Rc6 64. g4 fxg4+ 65. hxg4 Ra6 66. g5+
Kf5 67. Re5+ Kg6 68. Kg4 Rb6 69. Rxe6+ Rxe6 70. f5+ Kf7 71. fxe6+ Kxe6 72. Kh5
Kf7 73. Kh6 Kg8 74. Kg6 1-0

[Event "Druzynowe Mistrzostwa Polski - II Liga 2023"]
[Site "Jastrzebia Gora"]
[Date "1899-12-30"]
[Round "5.53"]
[White "Paczka, Patryk"]
[Black "Wozny, Tomasz"]
[Result "1-0"]
[WhiteTitle "I+"]
[BlackTitle "I"]
[WhiteElo "1891"]
[BlackElo "1757"]

1. e4 c5 2. Nf3 e6 3. d4 cxd4 4. Nxd4 Nf6 5. Bd3 Nc6 6. Ne2 Bc5 7. O-O Qb6 8. Nec3
Qc7 9. Nd2 a6 10. a4 h5 11. Nc4 Ng4 12. g3 Qd8 13. Be2 Nge5 14. Be3 Nxc4 15. Bxc5
Qg5 16. Bd6 Nxd6 17. Qxd6 Qe7 18. Qd2 b6 19. Rad1 Bb7 20. Qe3 Qc5 21. Qxc5 bxc5
22. Rd2 Ke7 23. f3 Rad8 24. Kf2 g5 25. Nd1 h4 26. g4 d6 27. Ne3 f6 28. Rfd1 Nd4
29. c3 Nb3 30. Rc2 Rd7 31. Bc4 Na5 32. Ba2 Rhd8 33. Rcd2 Nc6 34. Nc4 Ne5 35. Na5
Ba8 36. Bc4 Ra7 37. Be2 Bc6 38. b3 Nf7 39. Nxc6+ 1-0

[Event "Druzynowe Mistrzostwa Polski - II Liga 2023"]
[Site "Jastrzebia Gora"]
[Date "1899-12-30"]
[Round "5.54"]
[White "Trybowska, Barbara"]
[Black "Kostecka, Marika"]
[Result "1-0"]
[WhiteTitle "I++"]
[BlackTitle "WCM"]
[WhiteElo "1836"]
[BlackElo "1928"]

1. e4 c5 2. Nf3 d6 3. Bb5+ Bd7 4. Bxd7+ Nxd7 5. O-O Ngf6 6. Re1 e6 7. c3 Be7 8.
d4 cxd4 9. cxd4 O-O 10. Nc3 Nb6 11. h3 Rc8 12. Qd3 a6 13. b3 h6 14. Bd2 Na8 15.
Kh1 b5 16. a4 b4 17. Ne2 a5 18. Ng3 Qc7 19. Rac1 Qb7 20. Bf4 Rfd8 21. Nd2 Bf8
22. Nc4 Qa6 23. Qf3 Be7 24. Nh5 Nxe4 25. Bxh6 Ng5 26. Bxg5 Bxg5 27. Qg4 Bh6 28.
f4 Nb6 29. Nxb6 Rxc1 30. Rxc1 Qxb6 31. Rc4 Qb7 32. f5 e5 33. f6 g6 34. Ng3 Kh7
35. Nf5 gxf5 36. Qxf5+ Kg8 37. dxe5 dxe5 38. Rg4+ Kf8 39. Qh7 Rd1+ 40. Kh2 Ke8
41. Rg8+ Kd7 42. Qxf7+ Kc6 43. Qe6+ Kc7 44. Qxe5+ Rd6 45. Rh8 Qd5 46. Qxd5 Bf4+
47. g3 Rxd5 48. gxf4 Rf5 49. Rf8 Rxf4 50. f7 Kb7 51. Kg3 Rf1 52. h4 1-0

[Event "Druzynowe Mistrzostwa Polski - II Liga 2023"]
[Site "Jastrzebia Gora"]
[Date "1899-12-30"]
[Round "5.55"]
[White "Lagowski, Patryk"]
[Black "Kumala, Aleksander"]
[Result "1/2-1/2"]
[WhiteTitle "IM"]
[BlackTitle "CM"]
[WhiteElo "2333"]
[BlackElo "2165"]

1. d4 Nf6 2. Nf3 e6 3. g3 b5 4. Bg2 Bb7 5. O-O c5 6. a4 b4 7. c3 bxc3 8. bxc3 d5
9. Ba3 Nbd7 10. Nbd2 Be7 11. c4 O-O 12. Rc1 cxd4 13. Bxe7 Qxe7 14. Nxd4 Rfc8 15.
Qb3 Rab8 16. cxd5 Bxd5 17. Rxc8+ Rxc8 18. Bxd5 Nxd5 19. e4 N5f6 20. Qb7 Qc5 21.
N2b3 Qc7 22. Qxc7 Rxc7 23. Nb5 Rc4 24. Rc1 Rxc1+ 25. Nxc1 Nc5 26. Nxa7 1/2-1/2

[Event "Druzynowe Mistrzostwa Polski - II Liga 2023"]
[Site "Jastrzebia Gora"]
[Date "1899-12-30"]
[Round "5.56"]
[White "Cichocki, Adam"]
[Black "Chomczyk, Marek"]
[Result "0-1"]
[WhiteTitle "FM"]
[BlackTitle "k++"]
[WhiteElo "2286"]
[BlackElo "2290"]

1. d4 Nf6 2. Nf3 c5 3. d5 b5 4. a4 Qa5+ 5. Bd2 b4 6. c4 d6 7. Qc2 g6 8. e4 Bg7
9. Bd3 Bg4 10. O-O Bxf3 11. gxf3 Nh5 12. f4 Nd7 13. Be2 Bd4 14. Be3 e5 15. dxe6
fxe6 16. Bxh5 gxh5 17. Nd2 Qd8 18. Nf3 Qf6 19. Rad1 Ne5 20. Nxe5 dxe5 21. Kh1
O-O-O 22. f5 exf5 23. exf5 Qc6+ 0-1

[Event "Druzynowe Mistrzostwa Polski - II Liga 2023"]
[Site "Jastrzebia Gora"]
[Date "1899-12-30"]
[Round "5.57"]
[White "Budnik, Mateusz"]
[Black "Kindler, Przemyslaw"]
[Result "1-0"]
[WhiteTitle "k"]
[BlackTitle "k"]
[WhiteElo "1969"]
[BlackElo "1984"]

1. Nf3 c5 2. b3 d5 3. Bb2 Nf6 4. e3 Bg4 5. Be2 e6 6. O-O Nc6 7. h3 Bh5 8. d4 Bxf3
9. Bxf3 cxd4 10. exd4 Bd6 11. Nd2 O-O 12. c4 Ne7 13. c5 Bc7 14. b4 Rc8 15. a4
Bb8 16. Re1 b6 17. Rc1 bxc5 18. dxc5 Ng6 19. b5 e5 20. g3 Re8 21. Bg2 e4 22. Nb3
e3 23. f4 Bxf4 24. gxf4 Nxf4 25. Qf3 N6h5 26. Bd4 e2 27. c6 Re6 28. Rc2 Nxg2 29.
Kxg2 Rg6+ 30. Kf2 Qh4+ 31. Kxe2 Re8+ 32. Be3 Rg3 33. Rf1 Rxf3 34. Rxf3 Qxa4 35.
c7 Qxb5+ 36. Kf2 Rc8 37. Nd4 Qd7 38. Rf5 g6 39. Re5 Rxc7 40. Re2 h6 41. Bxh6 Qxh3
42. Re8+ Kh7 43. Be3 Qh2+ 44. Ke1 Qh1+ 45. Kf2 Rb7 46. Nf3 Qh3 47. Ng5+ 1-0

[Event "Druzynowe Mistrzostwa Polski - II Liga 2023"]
[Site "Jastrzebia Gora"]
[Date "1899-12-30"]
[Round "5.58"]
[White "Gumula, Daniel"]
[Black "Celinski, Kamil"]
[Result "1-0"]
[WhiteTitle "FM"]
[BlackTitle "I++"]
[WhiteElo "2146"]
[BlackElo "1841"]

1. d4 Nf6 2. Bg5 g6 3. Bxf6 exf6 4. e3 d5 5. g3 Bd6 6. Bg2 c6 7. Ne2 f5 8. Nd2
Nd7 9. c4 dxc4 10. Nxc4 Bb4+ 11. Nc3 Nf6 12. O-O Be6 13. Ne5 Kf8 14. Nd3 Bd6 15.
Nc5 Bxc5 16. dxc5 Qe7 17. b4 Rd8 18. Qc2 Nd5 19. Rfd1 Kg7 20. Nxd5 Bxd5 21. Bxd5
Rxd5 22. Rxd5 cxd5 23. Rd1 Rd8 24. Rd4 Qe6 25. Qd2 Qc6 26. f3 b6 27. cxb6 Qxb6
28. Kf2 Rb8 29. a3 a5 30. bxa5 Qb1 31. Rb4 Rxb4 32. axb4 Qh1 33. Ke2 Qg2+ 34.
Kd3 Qf1+ 35. Kc2 Qb5 36. Qd3 Qa4+ 37. Qb3 Qb5 38. Kd2 f6 39. Qa3 Qf1 40. Qd3 Qa1
41. Qc3 Qa2+ 42. Kd3 Qb1+ 43. Kd4 Qd1+ 44. Kc5 Qxf3 45. a6 Qe4 46. a7 Qe7+ 47.
Kb6 Qd6+ 48. Kb7 Kh6 49. a8=Q Qd7+ 50. Kb6 Qd6+ 51. Ka5 1-0

[Event "Druzynowe Mistrzostwa Polski - II Liga 2023"]
[Site "Jastrzebia Gora"]
[Date "1899-12-30"]
[Round "5.59"]
[White "Kaminski, Jan"]
[Black "Okrucinski, Tadeusz"]
[Result "1-0"]
[WhiteTitle "I++"]
[BlackTitle "FM"]
[WhiteElo "1858"]
[BlackElo "2168"]

1. e4 c5 2. Nf3 Nc6 3. d4 cxd4 4. Nxd4 g6 5. Nc3 Bg7 6. Be3 d6 7. Qd2 Nf6 8. f3
O-O 9. g4 Bxg4 10. fxg4 Nxg4 11. Nb3 Nxe3 12. Qxe3 Na5 13. O-O-O Nxb3+ 14. cxb3
a6 15. Kb1 e6 16. Be2 Qe7 17. Rd2 Rad8 18. Rhd1 Be5 19. Bf3 Qh4 20. Qb6 Qe7 21.
Rc2 Rc8 22. Qe3 Qh4 23. Qb6 Qe7 24. Rd3 Rc5 25. b4 Rc6 26. Qe3 Rfc8 27. Bd1 Qf6
28. a3 b5 29. h3 Qf4 30. Qxf4 Bxf4 31. Ne2 Be5 32. Rxc6 Rxc6 33. Bb3 Kf8 34. Nd4
Bxd4 35. Rxd4 Ke7 36. Rd3 g5 37. Rc3 Kd7 38. Kc1 h5 39. Bd1 h4 40. Bg4 Rb6 41.
Kd2 Rb8 42. b3 Rf8 43. Rf3 Ke7 44. Rf1 f6 45. Kd3 d5 46. exd5 f5 47. Bh5 Rd8 48.
Bf3 Kf6 49. Kd4 exd5 1-0

[Event "Druzynowe Mistrzostwa Polski - II Liga 2023"]
[Site "Jastrzebia Gora"]
[Date "1899-12-30"]
[Round "5.60"]
[White "Kindler, Karolina"]
[Black "Kopica, Paulina"]
[Result "0-1"]
[WhiteTitle "I++"]
[BlackTitle "k"]
[WhiteElo "1808"]
[BlackElo "1895"]

1. d4 e6 2. Nf3 f5 3. c4 Nf6 4. g3 Bb4+ 5. Bd2 Bxd2+ 6. Nbxd2 b6 7. Bg2 Bb7 8.
O-O O-O 9. b4 d6 10. Qc2 Qe7 11. Rfc1 c5 12. bxc5 dxc5 13. dxc5 bxc5 14. Rab1
Bc6 15. Ne5 Bxg2 16. Kxg2 Nbd7 17. Ndf3 Nxe5 18. Nxe5 Qc7 19. Nd3 Nd7 20. Rb5
e5 21. Rcb1 f4 22. Qd2 Qc6+ 23. f3 fxg3 24. hxg3 e4 25. Nf4 Nb6 26. Qe3 Rac8 27.
Rc1 Rfe8 28. Qb3 Rcd8 29. Qa3 exf3+ 30. Qxf3 Qd6 31. Ra5 Qd2 32. Qa3 Rxe2+ 33.
Nxe2 Qxe2+ 34. Kh1 Rd2 0-1

[Event "Druzynowe Mistrzostwa Polski - II Liga 2023"]
[Site "Jastrzebia Gora"]
[Date "1899-12-30"]
[Round "5.61"]
[White "Rudolf, Michal"]
[Black "Janocha, Wieslaw"]
[Result "1-0"]
[WhiteTitle "FM"]
[BlackTitle "FM"]
[WhiteElo "2287"]
[BlackElo "2208"]

1. e4 c5 2. Nf3 d6 3. Bb5+ Bd7 4. Bxd7+ Qxd7 5. O-O Nc6 6. c3 Nf6 7. d4 Nxe4 8.
d5 Ne5 9. Re1 Nf6 10. Nxe5 dxe5 11. c4 O-O-O 12. Rxe5 e6 13. Bg5 Bd6 14. Bxf6
gxf6 15. Rh5 Be5 16. Nc3 f5 17. Qf3 a6 18. g3 h6 19. Re1 Bg7 20. Qe3 Rhe8 21.
Qxc5+ Kb8 22. Qe3 Qc7 23. Rh4 Bf8 24. Qf4 Rc8 25. Rd1 Red8 26. a3 Qxf4 27. Rxf4
Be7 28. Re1 Bg5 29. Rf3 Rd6 30. h4 Bf6 31. Ne4 fxe4 32. Rxf6 Rcc6 33. c5 Rxc5
34. dxe6 Rc4 35. Rxf7 Rxe6 36. b3 Rc2 37. b4 e3 38. Rxe3 Rxe3 39. fxe3 Rc3 40.
a4 Rxe3 41. Kf2 Rb3 42. Rf4 Kc7 43. h5 Kd6 44. Rf6+ Ke5 45. Rb6 Kf5 46. Rxb7 Kg4
47. b5 Rf3+ 48. Ke2 Ra3 49. Rg7+ Kxh5 50. g4+ Kh4 51. bxa6 Rxa4 52. a7 Kg3 53.
Ke3 1-0

[Event "Druzynowe Mistrzostwa Polski - II Liga 2023"]
[Site "Jastrzebia Gora"]
[Date "1899-12-30"]
[Round "5.62"]
[White "Popczynski, Przemyslaw"]
[Black "Kaim, Piotr"]
[Result "0-1"]
[WhiteTitle "k"]
[BlackTitle "m"]
[WhiteElo "2129"]
[BlackElo "2161"]

1. d4 Nf6 2. c4 g6 3. Nc3 d5 4. Nf3 Bg7 5. Qb3 dxc4 6. Qxc4 O-O 7. e4 a6 8. Bf4
b5 9. Qb3 Bb7 10. d5 c6 11. dxc6 Nxc6 12. Rd1 Qa5 13. Bd3 Nb4 14. Bb1 Nxe4 15.
Rd7 Nc5 16. Qd1 Nxd7 17. Qxd7 Bc6 18. Qc7 Qxc7 19. Bxc7 Rac8 20. Ba5 Nd5 21. O-O
Nxc3 22. bxc3 Bxf3 23. gxf3 Bxc3 24. Bb6 Bd2 25. Be3 Rfd8 26. Kg2 Rc1 27. Rxc1
Bxc1 28. Bxc1 Rd1 29. Bg5 Rxb1 30. Bxe7 b4 31. f4 a5 32. Kf3 a4 33. Ke2 a3 34.
Kd3 b3 35. axb3 a2 36. Bf6 a1=Q 37. Bxa1 Rxa1 38. b4 Kg7 39. b5 Kf6 40. Kc4 Kf5
41. b6 Kxf4 42. Kc5 Kf3 43. b7 Rb1 44. Kc6 Kxf2 45. Kc7 f5 46. b8=Q Rxb8 47. Kxb8
f4 0-1

[Event "Druzynowe Mistrzostwa Polski - II Liga 2023"]
[Site "Jastrzebia Gora"]
[Date "1899-12-30"]
[Round "5.63"]
[White "Markowski, Damian"]
[Black "Wieczorek, Mikolaj"]
[Result "0-1"]
[WhiteTitle "FM"]
[BlackTitle "I++"]
[WhiteElo "2098"]
[BlackElo "1903"]

1. d4 Nf6 2. Nf3 c5 3. d5 e6 4. c4 exd5 5. cxd5 d6 6. Nc3 g6 7. Bf4 Bg7 8. Qa4+
Bd7 9. Qb3 Qc7 10. e3 Nh5 11. Bxd6 Qxd6 12. Qxb7 O-O 13. Qxa8 Qb6 14. Bc4 Na6
15. Qxf8+ Kxf8 16. O-O Nc7 17. Rac1 Ne8 18. Bb3 Nd6 19. Nd2 Nf6 20. h3 Nfe8 21.
Rc2 Nc7 22. Rfc1 Na6 23. Nc4 Nxc4 24. Bxc4 Nc7 25. Bb3 Be5 26. Ba4 Bf5 27. Rd2
Qf6 28. Bd1 Bd6 29. Bf3 Qe5 30. Rdd1 Qh2+ 31. Kf1 Bd3+ 32. Ke1 c4 33. Kd2 Qe5
34. Be2 Qf5 35. Bxd3 cxd3 36. Ke1 Qe5 37. g3 Qf5 38. g4 Qf3 39. Rxd3 Qxh3 40.
g5 Qg2 41. f4 Qxb2 42. Kd1 Qf2 43. Rb1 Na6 44. a3 Nc5 45. Rd2 Qxe3 46. Kc2 Bxf4
47. Rbd1 Be5 0-1

[Event "Druzynowe Mistrzostwa Polski - II Liga 2023"]
[Site "Jastrzebia Gora"]
[Date "1899-12-30"]
[Round "5.64"]
[White "Gibala, Adam"]
[Black "Warszawski, Bartosz"]
[Result "1-0"]
[WhiteTitle "I"]
[BlackTitle "m"]
[WhiteElo "1828"]
[BlackElo "2159"]

1. d4 d5 2. c4 e6 3. Nf3 c5 4. cxd5 exd5 5. g3 Nc6 6. Bg2 Nf6 7. O-O Be7 8. a3
c4 9. b3 O-O 10. bxc4 dxc4 11. Nc3 Qa5 12. Bb2 Rd8 13. h3 Qh5 14. g4 Nxg4 15.
hxg4 Bxg4 16. Ne4 Qg6 17. Ng3 h5 18. Qb1 f5 19. d5 h4 20. dxc6 hxg3 21. fxg3 Bc5+
22. Kh1 Qxc6 23. Nh4 Qh6 24. Qc1 Be3 25. Qxc4+ Kh8 26. Bf3 Bh3 27. Rfd1 f4 28.
Qf7 fxg3 29. Qh5 Qxh5 30. Bxh5 Rxd1+ 31. Rxd1 Rc8 32. Bg6 Bg5 33. Nf3 Be7 34.
Rd5 Bg4 35. Kg2 Rc6 36. Bd3 Rb6 37. Bd4 Rb3 38. Re5 1-0

[Event "Druzynowe Mistrzostwa Polski - II Liga 2023"]
[Site "Jastrzebia Gora"]
[Date "1899-12-30"]
[Round "5.65"]
[White "Chalupnik, Marcin"]
[Black "Nagly, Wojciech"]
[Result "1/2-1/2"]
[WhiteTitle "k++"]
[BlackTitle "I"]
[WhiteElo "2085"]
[BlackElo "1833"]

1. e4 d6 2. d4 Nf6 3. Nc3 c6 4. Be3 Nbd7 5. Qd2 e5 6. d5 cxd5 7. exd5 Be7 8. h3
O-O 9. Nge2 Nb6 10. b3 Bf5 11. Ng3 Bg6 12. a4 Ne8 13. Be2 f5 14. O-O f4 15. Bxb6
Qxb6 16. Nge4 Nf6 17. Bf3 Rac8 18. Rac1 Qa5 19. Qd3 Kh8 20. Rfd1 a6 21. Bg4 Nxg4
22. hxg4 f3 23. gxf3 h5 24. Qe3 hxg4 25. fxg4 Rf4 26. f3 Rcf8 27. Kg2 Qd8 28.
Rh1+ Kg8 29. Rh3 Bg5 30. Nxg5 Qxg5 31. Ne2 R4f5 32. Qxg5 Rxg5 33. Nc3 Rc8 34.
Kg3 Rxc3 35. Kh4 Rf5 36. gxf5 Bxf5 37. Rg3 Rxc2 38. Rxc2 Bxc2 39. f4 exf4 40.
Rf3 b5 41. a5 Bd1 42. Rd3 Be2 43. Rd2 g5+ 44. Kh3 Bf3 45. Rd3 Be4 46. Rc3 Bxd5
47. Kg4 f3 48. Kg3 Kf7 49. Rc7+ Ke6 50. Ra7 Bxb3 51. Rxa6 Kd7 52. Rb6 Kc7 53.
Rxb5 Bc4 54. Rxg5 Kb7 55. Kxf3 Ka6 56. Rg4 d5 1/2-1/2

[Event "Druzynowe Mistrzostwa Polski - II Liga 2023"]
[Site "Jastrzebia Gora"]
[Date "1899-12-30"]
[Round "5.66"]
[White "Popczynska, Michalina"]
[Black "Bednarska-bzdega, Malgorzata"]
[Result "1/2-1/2"]
[WhiteTitle "I"]
[BlackTitle "WFM"]
[WhiteElo "1502"]
[BlackElo "1907"]

1. e4 d5 2. exd5 Nf6 3. d4 Nxd5 4. Bc4 g6 5. Nf3 Bg7 6. Nc3 Nxc3 7. bxc3 O-O 8.
O-O c5 9. Be3 Nc6 10. Rb1 Qc7 11. Qe2 Bg4 12. Rfd1 Rad8 13. dxc5 Rxd1+ 14. Rxd1
Ne5 15. Bb3 Qc8 16. Bd4 Bxf3 17. gxf3 Qf5 18. Bxe5 Bxe5 19. Rd5 Qg5+ 20. Kh1 Qc1+
21. Kg2 Qg5+ 22. Kh1 Qc1+ 23. Kg2 Qg5+ 1/2-1/2

[Event "Druzynowe Mistrzostwa Polski - II Liga 2023"]
[Site "Jastrzebia Gora"]
[Date "1899-12-30"]
[Round "5.67"]
[White "Sliwicka, Alicja"]
[Black "Trzebinski, Patryk"]
[Result "1/2-1/2"]
[WhiteTitle "WIM"]
[BlackTitle "I++"]
[WhiteElo "2321"]
[BlackElo "1916"]

1. e4 c5 2. Nf3 Nc6 3. d4 cxd4 4. Nxd4 g6 5. c4 Bg7 6. Be3 Qb6 7. Nb3 Qd8 8. Qd2
Nf6 9. Nc3 d6 10. Be2 Ng4 11. Bf4 a5 12. h3 Nf6 13. Be3 a4 14. Nd4 Nxd4 15. Bxd4
Qa5 16. Rd1 Be6 17. O-O O-O 18. Bd3 Rfc8 19. b3 axb3 20. axb3 Qb4 21. Bxf6 Bxf6
22. Nd5 Qxb3 23. Rb1 Qa2 24. Nxf6+ exf6 25. Rb2 Qa5 26. Qe2 Rc7 27. Rfb1 Qa7 28.
Rb6 Rac8 1/2-1/2

[Event "Druzynowe Mistrzostwa Polski - II Liga 2023"]
[Site "Jastrzebia Gora"]
[Date "1899-12-30"]
[Round "5.68"]
[White "Malinowski, Szymon"]
[Black "Sliwicki, Damian"]
[Result "0-1"]
[WhiteTitle "I++"]
[BlackTitle "CM"]
[WhiteElo "1902"]
[BlackElo "2091"]

1. d4 Nf6 2. Nf3 g6 3. Bg5 Bg7 4. Nbd2 O-O 5. c3 d5 6. e3 Nbd7 7. Be2 c5 8. O-O
Re8 9. b4 c4 10. h4 Nf8 11. Nh2 Ne6 12. Bxf6 exf6 13. f4 Nc7 14. Rf3 Nb5 15. Rc1
a5 16. a4 Nd6 17. g4 axb4 18. cxb4 Bd7 19. a5 b6 20. h5 bxa5 21. hxg6 fxg6 22.
bxa5 Qxa5 23. Rh3 Ne4 24. Nxe4 Rxe4 25. Bf3 Re7 26. Qc2 Be6 27. Nf1 f5 28. Qg2
fxg4 29. Bxg4 Bxg4 30. Qxg4 Qc7 31. Rc2 Qd7 32. Qh4 Bf8 33. Rg2 Ra1 34. Rf3 Qf5
35. Kh2 Qe4 36. Qg4 Rg7 37. Ng3 Qe7 38. Qh3 Qd7 39. f5 Bd6 40. fxg6 Rh1+ 0-1

[Event "Druzynowe Mistrzostwa Polski - II Liga 2023"]
[Site "Jastrzebia Gora"]
[Date "1899-12-30"]
[Round "5.69"]
[White "Praczukowski, Stanislaw"]
[Black "Twardowski, Hubert"]
[Result "1-0"]
[WhiteTitle "k"]
[BlackTitle "I+"]
[WhiteElo "2142"]
[BlackElo "1853"]

1. d4 d5 2. c4 c6 3. Nc3 Nf6 4. e3 a6 5. Nf3 e6 6. b3 Nbd7 7. Bd3 b5 8. O-O Bb7
9. a4 b4 10. Ne2 a5 11. Bb2 Be7 12. Ng3 O-O 13. Qe2 c5 14. Rfd1 Qb6 15. Ne5 Nxe5
16. dxe5 Ne4 17. Bxe4 dxe4 18. Qg4 Qc6 19. Nh5 g6 20. Nf6+ Bxf6 21. exf6 Rfd8
22. Qg5 Kh8 23. Qh6 Rg8 24. Be5 Rae8 25. Rd6 Qc8 26. Rad1 Bc6 27. h4 Ref8 28.
Qg7+ 1-0

[Event "Druzynowe Mistrzostwa Polski - II Liga 2023"]
[Site "Jastrzebia Gora"]
[Date "1899-12-30"]
[Round "5.70"]
[White "Chmura, Eryk"]
[Black "Gorkiewicz, Mateusz"]
[Result "0-1"]
[WhiteTitle "I++"]
[BlackTitle "k"]
[WhiteElo "1752"]
[BlackElo "2133"]

1. e4 e5 2. Nf3 Nc6 3. Bc4 Nf6 4. d3 Be7 5. Nc3 O-O 6. O-O d6 7. a4 a5 8. Re1 Be6
9. Nd5 Bxd5 10. exd5 Nb8 11. d4 exd4 12. Nxd4 Re8 13. Ra3 Nbd7 14. Rg3 Bf8 15.
Be3 g6 16. Ne6 fxe6 17. dxe6 d5 18. exd7 Qxd7 19. Bb5 c6 20. Bd3 Ne4 21. Rg4 Nf6
22. Rg3 Bg7 23. c3 Qe7 24. Kf1 Qd6 25. Qd2 Ne4 26. Bxe4 Rxe4 27. Bd4 Rae8 28.
Rxe4 Rxe4 29. Bxg7 Kxg7 30. Rh3 h5 31. Re3 Rxa4 32. b3 Rf4 33. g3 Rf7 34. f4 c5
35. Qe2 d4 36. cxd4 Qxd4 37. Re7 Qd5 38. Kg1 b6 39. Rxf7+ Kxf7 40. Qb5 Qe6 41.
Kf2 Ke7 42. Kf1 Kd8 43. Kf2 Kc7 44. Qa6 Qe4 45. Qb5 h4 46. Qa6 h3 47. Qa7+ Qb7
48. Qxb7+ Kxb7 49. g4 Kc6 50. f5 gxf5 51. g5 Kd6 52. g6 Ke6 53. g7 Kf7 0-1

[Event "Druzynowe Mistrzostwa Polski - II Liga 2023"]
[Site "Jastrzebia Gora"]
[Date "1899-12-30"]
[Round "5.71"]
[White "Tamon, Radoslaw"]
[Black "Hladun, Bartlomiej"]
[Result "1-0"]
[WhiteTitle "I"]
[BlackTitle "I"]
[WhiteElo "1845"]
[BlackElo "1693"]

1. e4 c5 2. Nf3 g6 3. d4 cxd4 4. Nxd4 Nc6 5. c4 Nf6 6. Nc3 d6 7. Be2 Nxd4 8. Qxd4
Bg7 9. Be3 O-O 10. Qd2 Be6 11. Rc1 Qa5 12. O-O a6 13. f3 Rfc8 14. Nd5 Qxd2 15.
Bxd2 Nxd5 16. exd5 Bd4+ 17. Kh1 Bd7 18. g4 b5 19. b3 bxc4 20. Rxc4 Rxc4 21. Bxc4
Bb5 22. Rc1 Kf8 23. a4 Bd7 24. Bd3 Rb8 25. Rc4 Bb6 26. a5 Bd8 27. Rb4 Rxb4 28.
Bxb4 Bc8 29. Kg2 Bc7 30. Bc3 e6 31. dxe6 fxe6 32. b4 d5 33. b5 axb5 34. Bxb5 Bb7
35. a6 Ba8 36. Bb4+ Kf7 37. Bc5 Bf4 38. Bd7 Kf6 39. Ba7 Bd6 40. Bc8 e5 41. Bb7
Bxb7 42. axb7 d4 43. b8=Q Bxb8 44. Bxb8 d3 45. Kf2 1-0